[Event "FIDE Chess.com Grand Swiss"]
[Site "Douglas"]
[Date "2019.10.20"]
[Round "10"]
[White "L'Ami, Erwin"]
[Black "Kamsky, Gata"]
[Result "1/2-1/2"]
[WhiteElo "2619"]
[BlackElo "2685"]
[PlyCount "60"]
[EventDate "2019.10.10"]
[EventType "swiss"]
[EventRounds "11"]
[EventCountry "IOM"]
[SourceTitle "CBM 193"]
[Source "ChessBase"]
[SourceDate "2019.12.31"]
[SourceVersion "1"]
[SourceVersionDate "2019.12.31"]
[SourceQuality "1"]

1. d4 d5 2. c4 c6 3. Nf3 Nf6 4. Nc3 a6 5. e3 g6 6. Bd3 Bg7 7. O-O O-O 8. h3
dxc4 9. Bxc4 b5 10. Be2 c5 11. b3 Bb7 12. Bb2 Nbd7 13. Rc1 Rc8 14. dxc5 Nxc5
15. Qxd8 Rfxd8 16. Rfd1 Rxd1+ 17. Nxd1 Nd5 18. Bxg7 Kxg7 19. Nd2 Nb4 20. a3
Nbd3 21. Rc3 b4 22. axb4 Nxb4 23. f3 f5 24. Kf1 Kf6 25. Rc4 a5 26. Nb2 Bd5 27.
Rc1 Na2 28. Rc2 Nb4 29. Rc1 Na2 30. Rc2 Nb4 1/2-1/2

[Event "FIDE Chess.com Grand Swiss"]
[Site "Douglas"]
[Date "2019.10.21"]
[Round "11"]
[White "Kamsky, Gata"]
[Black "Durarbayli, Vasif"]
[Result "1-0"]
[WhiteElo "2685"]
[BlackElo "2617"]
[PlyCount "117"]
[EventDate "2019.10.10"]
[EventType "swiss"]
[EventRounds "11"]
[EventCountry "IOM"]
[SourceTitle "CBM 193"]
[Source "ChessBase"]
[SourceDate "2019.12.31"]
[SourceVersion "1"]
[SourceVersionDate "2019.12.31"]
[SourceQuality "1"]

1. d4 Nf6 2. Nf3 e6 3. Bf4 b6 4. e3 Bb7 5. h3 Be7 6. Nbd2 c5 7. Bd3 O-O 8. O-O
cxd4 9. exd4 d6 10. Bh2 a6 11. a4 Re8 12. Re1 h6 13. c3 Bf8 14. Nc4 Ra7 15.
Nfd2 Qc7 16. Ne3 Nbd7 17. a5 b5 18. c4 bxc4 19. Ndxc4 Ba8 20. Rc1 Qb8 21. Ng4
Nxg4 22. hxg4 Qb7 23. f3 Qb4 24. Qd2 Qxd2 25. Nxd2 d5 26. Nb3 Nb8 27. Nc5 g5
28. b4 Nc6 29. Nxa6 Nxb4 30. Bb5 Rd8 31. Bc7 Rc8 32. Bb6 Rxc1 33. Rxc1 Rxa6 34.
Rc8 Bb7 35. Rc7 Ra8 36. Rxb7 Bd6 37. Rd7 Bf4 38. Rd8+ Rxd8 39. Bxd8 Be3+ 40.
Kf1 Bxd4 41. Bb6 Bc3 42. a6 Nxa6 43. Bxa6 Be5 44. Bc5 Kg7 45. Bd3 Kg8 46. Ke2
Kg7 47. Kd2 Kg8 48. Kc2 Kg7 49. Kb3 Kg8 50. Ka4 Kg7 51. Kb5 Bg3 52. Be7 h5 53.
Bxg5 hxg4 54. fxg4 Be5 55. Kc6 Bc3 56. Kd7 Bf6 57. Bd2 Bd4 58. g5 e5 59. Kc6
1-0

[Event "Bayern-chI Bank Hofmann 23rd"]
[Site "Tegernsee"]
[Date "2019.10.26"]
[Round "1"]
[White "Prraneeth, Vuppala"]
[Black "Kamsky, Gata"]
[Result "1/2-1/2"]
[WhiteElo "2149"]
[BlackElo "2685"]
[PlyCount "71"]
[EventDate "2019.10.26"]
[EventType "swiss"]
[EventRounds "9"]
[EventCountry "GER"]
[SourceTitle "CBM 192 Extra"]
[Source "Chessbase"]
[SourceDate "2019.11.06"]
[SourceVersion "1"]
[SourceVersionDate "2019.11.06"]
[SourceQuality "1"]

1. d4 Nf6 2. c4 e6 3. g3 g6 4. Bg2 Bg7 5. Nf3 O-O 6. Nc3 d5 7. Qd3 b6 8. h4 Ba6
9. b3 Nbd7 10. Ba3 c5 11. O-O Rc8 12. Nb5 Bxb5 13. cxb5 Ne4 14. Rac1 Re8 15. e3
Qf6 16. Bb2 Qf5 17. Rfd1 h6 18. Qe2 g5 19. hxg5 hxg5 20. Nd2 Nxd2 21. Qxd2 Rc7
22. e4 dxe4 23. Qe2 Nf6 24. dxc5 Rxc5 25. Bxf6 Rxc1 26. Rxc1 Qxf6 27. Rc7 Qa1+
28. Kh2 Qb2 29. Qe3 Qd4 30. Qe2 Rd8 31. Bxe4 Qd2 32. Qf3 Rd7 33. Rc8+ Rd8 34.
Rc7 Rd7 35. Rc8+ Rd8 36. Rc7 1/2-1/2

[Event "Bayern-chI Bank Hofmann 23rd"]
[Site "Tegernsee"]
[Date "2019.10.27"]
[Round "2"]
[White "Kamsky, Gata"]
[Black "Astengo, Corrado"]
[Result "1-0"]
[WhiteElo "2685"]
[BlackElo "2105"]
[PlyCount "55"]
[EventDate "2019.10.26"]
[EventType "swiss"]
[EventRounds "9"]
[EventCountry "GER"]
[SourceTitle "CBM 192 Extra"]
[Source "Chessbase"]
[SourceDate "2019.11.06"]
[SourceVersion "1"]
[SourceVersionDate "2019.11.06"]
[SourceQuality "1"]

1. e4 c5 2. Nc3 e6 3. Nf3 Nc6 4. Bb5 Nge7 5. O-O a6 6. Bxc6 Nxc6 7. d4 cxd4 8.
Nxd4 Qc7 9. Re1 Be7 10. Nf5 exf5 11. Nd5 Qa5 12. Bd2 Qd8 13. Be3 Bd6 14. Bb6
Bxh2+ 15. Kxh2 Qh4+ 16. Kg1 O-O 17. exf5 d6 18. f6 gxf6 19. Re4 Qh6 20. Be3 Qg6
21. Rh4 Kh8 22. Rh6 Qg7 23. Nxf6 Bf5 24. Qxd6 Rad8 25. Qf4 Bxc2 26. Rh3 Bg6 27.
Qh4 Rd6 28. Bh6 1-0

[Event "Bayern-chI Bank Hofmann 23rd"]
[Site "Tegernsee"]
[Date "2019.10.28"]
[Round "3"]
[White "Kamsky, Gata"]
[Black "Huber, Benedikt Thomas"]
[Result "1-0"]
[WhiteElo "2685"]
[BlackElo "1545"]
[PlyCount "53"]
[EventDate "2019.10.26"]
[EventType "swiss"]
[EventRounds "9"]
[EventCountry "GER"]
[SourceTitle "CBM 192 Extra"]
[Source "Chessbase"]
[SourceDate "2019.11.06"]
[SourceVersion "1"]
[SourceVersionDate "2019.11.06"]
[SourceQuality "1"]

1. e4 c5 2. Nc3 e6 3. Nf3 Nc6 4. Bb5 Nd4 5. a4 Nxf3+ 6. Qxf3 Ne7 7. b3 Nc6 8.
Bxc6 bxc6 9. Qg3 Ba6 10. d3 d5 11. O-O g6 12. Re1 Bg7 13. e5 Qc7 14. a5 O-O-O
15. Na4 c4 16. Nc5 Bb5 17. Bg5 cxd3 18. Bxd8 Rxd8 19. Nxd3 d4 20. b4 Rd5 21. f4
Bf8 22. Rab1 Qb7 23. Nf2 Ba4 24. c4 Rd7 25. Rec1 Bxb4 26. c5 Qb8 27. a6 1-0

[Event "Bayern-chI Bank Hofmann 23rd"]
[Site "Tegernsee"]
[Date "2019.10.29"]
[Round "4"]
[White "Meins, Gerlef"]
[Black "Kamsky, Gata"]
[Result "1/2-1/2"]
[WhiteElo "2415"]
[BlackElo "2685"]
[PlyCount "91"]
[EventDate "2019.10.26"]
[EventType "swiss"]
[EventRounds "9"]
[EventCountry "GER"]
[SourceTitle "CBM 192 Extra"]
[Source "Chessbase"]
[SourceDate "2019.11.06"]
[SourceVersion "1"]
[SourceVersionDate "2019.11.06"]
[SourceQuality "1"]

1. Nf3 Nf6 2. c4 g6 3. Nc3 Bg7 4. d4 d6 5. e4 a6 6. Be2 O-O 7. O-O c6 8. h3 b5
9. e5 Ne8 10. Bf4 Nd7 11. exd6 exd6 12. d5 cxd5 13. cxb5 axb5 14. Bxb5 Nc5 15.
Nxd5 Ne6 16. Be3 Bb7 17. a4 Bxd5 18. Qxd5 N8c7 19. Qd3 Rb8 20. Rfd1 d5 21. Rac1
Nxb5 22. axb5 Qa5 23. b6 d4 24. Nxd4 Nxd4 25. Bxd4 Bxd4 26. Qxd4 Qxb6 27. Qxb6
Rxb6 28. Rc2 Rfb8 29. Rdd2 Kg7 30. Kf1 g5 31. Ke2 Kg6 32. Kd1 h5 33. Kc1 f6 34.
Rc3 h4 35. Kb1 Ra6 36. Rcd3 Rba8 37. Kc2 Ra1 38. Rd1 Rc8+ 39. Kd2 Ra4 40. Rc1
Rb8 41. b3 Ra3 42. Rcc3 Rb6 43. Rf3 Rd6+ 44. Rfd3 Rb6 45. Rf3 Rd6+ 46. Rfd3
1/2-1/2

[Event "Bayern-chI Bank Hofmann 23rd"]
[Site "Tegernsee"]
[Date "2019.10.30"]
[Round "5"]
[White "Kamsky, Gata"]
[Black "Kruckenhauser, Arthur"]
[Result "1-0"]
[WhiteElo "2685"]
[BlackElo "2245"]
[PlyCount "63"]
[EventDate "2019.10.26"]
[EventType "swiss"]
[EventRounds "9"]
[EventCountry "GER"]
[SourceTitle "CBM 192 Extra"]
[Source "Chessbase"]
[SourceDate "2019.11.06"]
[SourceVersion "1"]
[SourceVersionDate "2019.11.06"]
[SourceQuality "1"]

1. e4 c5 2. Nc3 Nc6 3. Bb5 Nd4 4. Nf3 a6 5. Bc4 b5 6. Bd5 Rb8 7. a3 e6 8. Ba2
Bb7 9. d3 Nxf3+ 10. Qxf3 Nf6 11. Qg3 d6 12. O-O Be7 13. Qxg7 Rg8 14. Qh6 d5 15.
f3 Rg6 16. Qh3 c4 17. Kh1 Qb6 18. Bf4 Rd8 19. e5 Nd7 20. Ne2 Nf8 21. d4 c3 22.
Nxc3 Qxd4 23. Ne2 Qb6 24. c3 Bc5 25. Rad1 Be3 26. Bb1 Rg8 27. Qh6 Bc5 28. Bg5
Rd7 29. Nd4 Bxd4 30. cxd4 Rc7 31. Bf6 Nd7 32. Bg7 1-0

[Event "Bayern-chI Bank Hofmann 23rd"]
[Site "Tegernsee"]
[Date "2019.10.31"]
[Round "6"]
[White "Sandipan, Chanda"]
[Black "Kamsky, Gata"]
[Result "1/2-1/2"]
[WhiteElo "2529"]
[BlackElo "2685"]
[PlyCount "67"]
[EventDate "2019.10.26"]
[EventType "swiss"]
[EventRounds "9"]
[EventCountry "GER"]
[SourceTitle "CBM 192 Extra"]
[Source "Chessbase"]
[SourceDate "2019.11.06"]
[SourceVersion "1"]
[SourceVersionDate "2019.11.06"]
[SourceQuality "1"]

1. d4 d5 2. Nf3 Nf6 3. Bf4 c5 4. e3 Nc6 5. Nbd2 e6 6. c3 cxd4 7. exd4 Nh5 8.
Be3 Bd6 9. Bd3 Nf4 10. Bxf4 Bxf4 11. O-O O-O 12. Re1 g6 13. g3 Bh6 14. h4 f6
15. c4 Kh8 16. Nb3 b6 17. h5 Nb4 18. hxg6 Nxd3 19. Qxd3 dxc4 20. Qxc4 Bb7 21.
Nh4 Qd5 22. Qxd5 Bxd5 23. gxh7 Kxh7 24. f4 Rg8 25. Kf2 Rg4 26. Nf3 Rag8 27. Rg1
Bxf4 28. gxf4 Bxf3 29. Rxg4 Bxg4 30. d5 exd5 31. Nd4 Re8 32. Re1 Rxe1 33. Kxe1
Bd7 34. b4 1/2-1/2

[Event "Bayern-chI Bank Hofmann 23rd"]
[Site "Tegernsee"]
[Date "2019.11.01"]
[Round "7"]
[White "Kamsky, Gata"]
[Black "Zajogin, Alexander"]
[Result "1-0"]
[WhiteElo "2685"]
[BlackElo "2426"]
[PlyCount "107"]
[EventDate "2019.10.26"]
[EventType "swiss"]
[EventRounds "9"]
[EventCountry "GER"]
[SourceTitle "CBM 192 Extra"]
[Source "Chessbase"]
[SourceDate "2019.11.06"]
[SourceVersion "1"]
[SourceVersionDate "2019.11.06"]
[SourceQuality "1"]

1. d4 Nf6 2. Nf3 e6 3. Bf4 c5 4. e3 cxd4 5. exd4 b6 6. a4 Ba6 7. Bxa6 Nxa6 8.
O-O Be7 9. Ne5 Qc8 10. Nd2 O-O 11. c3 Qb7 12. Qe2 Nc7 13. Bg5 Ncd5 14. f4 h6
15. Bxf6 Nxf6 16. Rae1 g6 17. Rf3 d6 18. Nxg6 fxg6 19. Qxe6+ Rf7 20. Rg3 g5 21.
fxg5 hxg5 22. Rxg5+ Kf8 23. Nf3 Qd7 24. Qe3 Ng8 25. Rg6 Qf5 26. Re6 Kg7 27. Qe4
Qxe4 28. R1xe4 Rd8 29. Kf2 Bf6 30. Rg4+ Kh7 31. Ke2 Re7 32. Rxe7+ Nxe7 33. Kd3
d5 34. b3 Nf5 35. Rf4 Kg6 36. g4 Nd6 37. h4 Bg7 38. c4 dxc4+ 39. bxc4 Rc8 40.
Ne5+ Bxe5 41. dxe5 Nb7 42. Rf6+ Kg7 43. h5 Nc5+ 44. Kd4 Nxa4 45. h6+ Kh7 46. e6
Nc5 47. g5 Rg8 48. e7 Re8 49. Rf7+ Kg6 50. Rg7+ Kf5 51. Kd5 Ne4 52. Kc6 Rh8 53.
h7 Nxg5 54. Rg8 1-0

[Event "Bayern-chI Bank Hofmann 23rd"]
[Site "Tegernsee"]
[Date "2019.11.03"]
[Round "9"]
[White "Kamsky, Gata"]
[Black "Del Rio de Angelis, Salvador Gabriel"]
[Result "1-0"]
[WhiteElo "2685"]
[BlackElo "2491"]
[PlyCount "63"]
[EventDate "2019.10.26"]
[EventType "swiss"]
[EventRounds "9"]
[EventCountry "GER"]
[SourceTitle "CBM 192 Extra"]
[Source "Chessbase"]
[SourceDate "2019.11.06"]
[SourceVersion "1"]
[SourceVersionDate "2019.11.06"]
[SourceQuality "1"]

1. e4 e6 2. d4 d5 3. Nc3 Bb4 4. e5 c5 5. a3 Bxc3+ 6. bxc3 Qa5 7. Bd2 Qa4 8. Qb1
c4 9. Ne2 Nc6 10. Ng3 Bd7 11. Be2 O-O-O 12. O-O Nge7 13. Qb2 b6 14. Rae1 Rdf8
15. Nh5 Rhg8 16. Bg4 Kb7 17. Re3 Nd8 18. Rg3 f5 19. exf6 gxf6 20. Qb4 Qxb4 21.
cxb4 Ba4 22. c3 Bc2 23. Re1 f5 24. Bf3 Rxg3 25. hxg3 Rg8 26. Nf6 Rg7 27. Bh5
Ng6 28. Bh6 Rf7 29. Bg5 Kc8 30. f3 Rb7 31. Kf2 Nf8 32. Nxd5 1-0

[Event "Bundesliga 1920"]
[Site "Germany"]
[Date "2019.11.23"]
[Round "1.3"]
[White "Kamsky, Gata"]
[Black "Bartel, Mateusz"]
[Result "1/2-1/2"]
[WhiteElo "2684"]
[BlackElo "2636"]
[PlyCount "87"]
[EventDate "2019.11.23"]
[EventType "team-tourn"]
[EventRounds "15"]
[EventCountry "GER"]
[SourceTitle "CBM 193 Extra"]
[Source "ChessBase"]
[SourceDate "2020.01.31"]
[SourceVersion "1"]
[SourceVersionDate "2020.01.31"]
[SourceQuality "1"]
[WhiteTeam "Deizisau"]
[BlackTeam "Dresden TU"]
[WhiteTeamCountry "GER"]
[BlackTeamCountry "GER"]

1. d4 d5 2. Nf3 Nf6 3. Bf4 c5 4. e3 Nc6 5. Nbd2 cxd4 6. exd4 Bf5 7. c3 e6 8.
Be2 Bd6 9. Bxd6 Qxd6 10. O-O h6 11. Re1 O-O 12. a4 a5 13. Qb3 Rab8 14. Bf1 Ne4
15. Nxe4 Bxe4 16. Nd2 Bg6 17. Re3 e5 18. dxe5 Nxe5 19. h3 Rfd8 20. Rae1 Nc6 21.
Nf3 d4 22. Nxd4 Nxd4 23. cxd4 Qxd4 24. Re7 Rd6 25. Bc4 Rf6 26. Qg3 Rd8 27. b3
b6 28. R1e3 Kh7 29. Kh2 h5 30. f3 h4 31. Qe5 Qxe5+ 32. R3xe5 Rd2 33. Rg5 Rxf3
34. Rg4 Bf5 35. Rxh4+ Kg6 36. Re1 Kg5 37. Rh8 Rff2 38. Bf1 Rf3 39. Bc4 Rff2 40.
Bf1 Be6 41. Kg3 Bxb3 42. h4+ Kf6 43. Rb8 Be6 44. Rxb6 1/2-1/2

[Event "Bundesliga 1920"]
[Site "Germany"]
[Date "2019.11.24"]
[Round "2.4"]
[White "Kraemer, Martin"]
[Black "Kamsky, Gata"]
[Result "1/2-1/2"]
[WhiteElo "2581"]
[BlackElo "2684"]
[PlyCount "79"]
[EventDate "2019.11.23"]
[EventType "team-tourn"]
[EventRounds "15"]
[EventCountry "GER"]
[SourceTitle "CBM 193 Extra"]
[Source "ChessBase"]
[SourceDate "2020.01.31"]
[SourceVersion "1"]
[SourceVersionDate "2020.01.31"]
[SourceQuality "1"]
[WhiteTeam "Berlin SF"]
[BlackTeam "Deizisau"]
[WhiteTeamCountry "GER"]
[BlackTeamCountry "GER"]

1. d4 d5 2. c4 c6 3. Nf3 Nf6 4. e3 g6 5. Nc3 Bg7 6. Be2 O-O 7. O-O e6 8. b3 Re8
9. Bb2 Nbd7 10. Rc1 a6 11. Ne5 Nxe5 12. dxe5 Nd7 13. f4 b5 14. Kh1 Bb7 15. cxd5
cxd5 16. Qd2 Rc8 17. Bd3 Nc5 18. Ne2 d4 19. Nxd4 Nxd3 20. Rxc8 Qxc8 21. Qxd3
Qa8 22. Qd2 Bf8 23. Rc1 Rc8 24. Rxc8 Qxc8 25. h3 b4 26. Kh2 Be4 27. Nf3 h6 28.
Bd4 Qc6 29. Ne1 Qb5 30. Kg1 a5 31. Qd1 Be7 32. Nf3 Qd5 33. Kf2 a4 34. Kg3 axb3
35. axb3 Qa8 36. Qc1 Qb7 37. Qc4 Bd5 38. Qc2 Be4 39. Qc4 Bd5 40. Qc2 1/2-1/2

[Event "Bundesliga 1920"]
[Site "Germany"]
[Date "2020.02.08"]
[Round "5.1"]
[White "Kamsky, Gata"]
[Black "Svane, Rasmus"]
[Result "1/2-1/2"]
[WhiteElo "2684"]
[BlackElo "2594"]
[PlyCount "67"]
[EventDate "2019.11.23"]
[EventType "team-tourn"]
[EventRounds "15"]
[EventCountry "GER"]
[SourceTitle "CBM 194 Extra"]
[Source "ChessBase"]
[SourceDate "2020.03.31"]
[SourceVersion "1"]
[SourceVersionDate "2020.03.31"]
[SourceQuality "1"]
[WhiteTeam "Deizisau"]
[BlackTeam "Hamburger SK"]
[WhiteTeamCountry "GER"]
[BlackTeamCountry "GER"]

1. d4 Nf6 2. Nf3 d5 3. Bf4 e6 4. e3 Bd6 5. Ne5 O-O 6. Nd2 c5 7. c3 Qc7 8. Bd3
Nc6 9. Ndf3 b6 10. Nxc6 Qxc6 11. Ne5 Qc7 12. h4 Ne4 13. f3 f6 14. fxe4 fxe5 15.
dxe5 Bxe5 16. O-O Bxf4 17. exf4 dxe4 18. Bxe4 Bb7 19. Qf3 Bxe4 20. Qxe4 Qf7 21.
Rae1 Rad8 22. Qxe6 Qxe6 23. Rxe6 Rd2 24. Rf2 Rxf2 25. Kxf2 Rxf4+ 26. Kg3 Ra4
27. a3 Kf7 28. Rc6 Ra5 29. Kf4 Rb5 30. Rc7+ Kf6 31. Rc6+ Ke7 32. Rc7+ Kf6 33.
Rc6+ Ke7 34. Rc7+ 1/2-1/2

[Event "Bundesliga 1920"]
[Site "Germany"]
[Date "2020.02.09"]
[Round "6.1"]
[White "Khenkin, Igor"]
[Black "Kamsky, Gata"]
[Result "1/2-1/2"]
[WhiteElo "2545"]
[BlackElo "2684"]
[PlyCount "41"]
[EventDate "2019.11.23"]
[EventType "team-tourn"]
[EventRounds "15"]
[EventCountry "GER"]
[SourceTitle "CBM 194 Extra"]
[Source "ChessBase"]
[SourceDate "2020.03.31"]
[SourceVersion "1"]
[SourceVersionDate "2020.03.31"]
[SourceQuality "1"]
[WhiteTeam "Kiel Turm"]
[BlackTeam "Deizisau"]
[WhiteTeamCountry "GER"]
[BlackTeamCountry "GER"]

1. d4 d5 2. c4 c6 3. Nf3 Nf6 4. Nc3 a6 5. cxd5 cxd5 6. Bf4 Nc6 7. Rc1 Bf5 8. e3
e6 9. Qb3 Ra7 10. Be2 Be7 11. Ne5 Nxe5 12. Bxe5 O-O 13. O-O b5 14. a4 bxa4 15.
Nxa4 Bd6 16. Bxf6 gxf6 17. Rc6 a5 18. Rfc1 Rc7 19. Rxc7 Bxc7 20. Bd3 Bg6 21.
Bxg6 1/2-1/2

[Event "Bundesliga 1920"]
[Site "Germany"]
[Date "2020.02.22"]
[Round "7.2"]
[White "McShane, Luke J"]
[Black "Kamsky, Gata"]
[Result "1/2-1/2"]
[WhiteElo "2675"]
[BlackElo "2684"]
[PlyCount "115"]
[EventDate "2019.11.23"]
[EventType "team-tourn"]
[EventRounds "15"]
[EventCountry "GER"]
[SourceTitle "CBM 195 Extra"]
[Source "ChessBase"]
[SourceDate "2020.05.31"]
[SourceVersion "1"]
[SourceVersionDate "2020.05.31"]
[SourceQuality "1"]
[WhiteTeam "Werder Bremen"]
[BlackTeam "Deizisau"]
[WhiteTeamCountry "GER"]
[BlackTeamCountry "GER"]

1. e4 c6 2. Nf3 d5 3. Nc3 g6 4. d4 Bg7 5. h3 Nf6 6. Bd3 dxe4 7. Nxe4 Nxe4 8.
Bxe4 Nd7 9. c3 O-O 10. Bg5 Qc7 11. Qd2 e5 12. O-O-O exd4 13. Nxd4 Nc5 14. Bc2
Ne6 15. Nxe6 Bxe6 16. Bb3 Bxb3 17. axb3 a5 18. Qf4 Qb6 19. Kc2 Qb5 20. c4 Qc5
21. Bf6 Bxf6 22. Qxf6 a4 23. Qd4 Qf5+ 24. Kc3 axb3 25. Kxb3 b5 26. Rhe1 bxc4+
27. Kc3 Rfb8 28. Qxc4 Ra5 29. b4 Ra3+ 30. Kb2 Ra4 31. Kb3 Raxb4+ 32. Qxb4 Rxb4+
33. Kxb4 Qxf2 34. g4 Qb2+ 35. Kc4 Qc2+ 36. Kd4 c5+ 37. Kd5 c4 38. Rh1 Kg7 39.
Kd4 Kh6 40. Kc5 c3 41. Kc4 Kg5 42. Rc1 Qd2 43. Rxc3 h5 44. gxh5 Kxh5 45. Rb1
Qf4+ 46. Kb3 Qb8+ 47. Kc2 Qh2+ 48. Kb3 Qe2 49. Rb2 Qe1 50. Kc2 f5 51. Rbb3 g5
52. Re3 Qf2+ 53. Kd1 f4 54. Rf3 Qg2 55. Ke1 Kg6 56. Ra3 Kf5 57. Rfb3 Qg1+ 58.
Ke2 1/2-1/2

[Event "Wch Rapid"]
[Site "Moscow"]
[Date "2019.12.26"]
[Round "1"]
[White "Nozdrachev, Vladislav"]
[Black "Kamsky, Gata"]
[Result "0-1"]
[WhiteElo "2494"]
[BlackElo "2677"]
[PlyCount "90"]
[EventDate "2019.12.26"]
[EventType "swiss (rapid)"]
[EventRounds "15"]
[EventCountry "RUS"]
[SourceTitle "CBM 193 Extra"]
[Source "ChessBase"]
[SourceDate "2020.01.31"]
[SourceVersion "1"]
[SourceVersionDate "2020.01.31"]
[SourceQuality "1"]

1. e4 g6 2. d4 Bg7 3. Nc3 d6 4. Nf3 a6 5. Be3 b5 6. Qd2 Nd7 7. a4 b4 8. Nd5 a5
9. Bd3 Bb7 10. O-O e6 11. Bg5 f6 12. Nf4 Qe7 13. d5 fxg5 14. Nxe6 Rc8 15. Nfxg5
Bxb2 16. Rab1 Bc3 17. Qe3 c5 18. Bb5 Ngf6 19. Qh3 h6 20. Rbe1 Nh5 21. Nf3 Kf7
22. e5 Nxe5 23. Nxe5+ dxe5 24. f4 Bxd5 25. fxe5+ Kg8 26. Rd1 Bxe6 27. Bc4 Ng7
28. Rf6 Bxc4 29. Qxc8+ Kh7 30. Qg4 Bd4+ 31. Rxd4 cxd4 32. Qxg6+ Kg8 33. Rc6 Bf7
34. Rc8+ Be8 35. Qe4 Qd7 36. Ra8 Kf7 37. Rb8 Qe6 38. Qf4+ Kg6 39. Rb7 Rg8 40.
g4 Bc6 41. Rb6 Kh7 42. h3 Qd5 43. Kf2 d3 44. cxd3 Qc5+ 45. Qe3 Rf8+ 0-1

[Event "Wch Rapid"]
[Site "Moscow"]
[Date "2019.12.26"]
[Round "2"]
[White "Kamsky, Gata"]
[Black "Popov, Ivan1"]
[Result "1/2-1/2"]
[WhiteElo "2677"]
[BlackElo "2636"]
[PlyCount "130"]
[EventDate "2019.12.26"]
[EventType "swiss (rapid)"]
[EventRounds "15"]
[EventCountry "RUS"]
[SourceTitle "CBM 193 Extra"]
[Source "ChessBase"]
[SourceDate "2020.01.31"]
[SourceVersion "1"]
[SourceVersionDate "2020.01.31"]
[SourceQuality "1"]

1. d4 d5 2. Nf3 Nf6 3. Bf4 c5 4. e3 Nc6 5. c3 Qb6 6. Qb3 c4 7. Qc2 Bf5 8. Qc1
h6 9. Nbd2 Rc8 10. Be2 e6 11. O-O Be7 12. Re1 O-O 13. Bd1 Qd8 14. Bc2 Bd6 15.
Bg3 Bxg3 16. hxg3 b5 17. a3 Ne4 18. Nxe4 Bxe4 19. Bxe4 dxe4 20. Nd2 f5 21. a4
a6 22. axb5 axb5 23. Ra6 e5 24. Qd1 exd4 25. exd4 Qg5 26. Rb6 Rfd8 27. Qe2 Rd5
28. Nf1 Qd8 29. Ra6 Rd6 30. Qh5 Ne7 31. Rxd6 Qxd6 32. g4 Rf8 33. gxf5 Qf4 34.
g3 Rxf5 35. Qe2 Qg5 36. Qxe4 Ng6 37. Ne3 Rf7 38. Ra1 h5 39. Ra6 Nf8 40. Kg2 Re7
41. Qf3 h4 42. Qg4 Qxg4 43. Nxg4 hxg3 44. Kxg3 Re2 45. Ne5 Rxb2 46. Ra8 Rb3 47.
d5 b4 48. Nxc4 Rxc3+ 49. Ne3 Kf7 50. Rb8 b3 51. Kf4 Nd7 52. Rb7 Ke8 53. Nf5 Nc5
54. Nxg7+ Kd8 55. Ne6+ Nxe6+ 56. dxe6 Rc5 57. Ke4 Rc7 58. Rxb3 Ke7 59. Rb6 Kf6
60. f4 Rc5 61. Rd6 Ra5 62. Kf3 Rb5 63. Kg4 Rb1 64. Ra6 Rg1+ 65. Kf3 Re1 1/2-1/2

[Event "Wch Rapid"]
[Site "Moscow"]
[Date "2019.12.26"]
[Round "3"]
[White "Alekseev, Evgeny V"]
[Black "Kamsky, Gata"]
[Result "1/2-1/2"]
[WhiteElo "2620"]
[BlackElo "2677"]
[PlyCount "24"]
[EventDate "2019.12.26"]
[EventType "swiss (rapid)"]
[EventRounds "15"]
[EventCountry "RUS"]
[SourceTitle "CBM 193 Extra"]
[Source "ChessBase"]
[SourceDate "2020.01.31"]
[SourceVersion "1"]
[SourceVersionDate "2020.01.31"]
[SourceQuality "1"]

1. e4 g6 2. d4 Bg7 3. Nf3 d6 4. Bd3 Nd7 5. O-O b6 6. Re1 Bb7 7. Nbd2 e6 8. Nf1
Ngf6 9. Ng3 O-O 10. Bg5 e5 11. c3 h6 12. Be3 Bc8 1/2-1/2

[Event "Wch Rapid"]
[Site "Moscow"]
[Date "2019.12.26"]
[Round "4"]
[White "Kamsky, Gata"]
[Black "Sasikiran, Krishnan"]
[Result "1/2-1/2"]
[WhiteElo "2677"]
[BlackElo "2656"]
[PlyCount "59"]
[EventDate "2019.12.26"]
[EventType "swiss (rapid)"]
[EventRounds "15"]
[EventCountry "RUS"]
[SourceTitle "CBM 193 Extra"]
[Source "ChessBase"]
[SourceDate "2020.01.31"]
[SourceVersion "1"]
[SourceVersionDate "2020.01.31"]
[SourceQuality "1"]

1. d4 Nf6 2. Nf3 g6 3. Bg5 Bg7 4. Nbd2 O-O 5. c3 d5 6. e3 Nbd7 7. Be2 Re8 8.
O-O e5 9. Rc1 c6 10. b4 e4 11. Ne1 Nb6 12. Nc2 h6 13. Bh4 Na4 14. Na1 b5 15.
Nab3 Nb2 16. Qc2 Nc4 17. Nxc4 bxc4 18. Nc5 g5 19. Bg3 h5 20. Rb1 h4 21. Be5 h3
22. g3 Nd7 23. Bxg7 Kxg7 24. f3 Nxc5 25. bxc5 exf3 26. Rxf3 Re4 27. Bxc4 Qe7
28. Rbf1 f5 29. Bd3 Rxe3 30. Qf2 1/2-1/2

[Event "Wch Rapid"]
[Site "Moscow"]
[Date "2019.12.26"]
[Round "5"]
[White "Kovalev, Vladislav"]
[Black "Kamsky, Gata"]
[Result "1/2-1/2"]
[WhiteElo "2662"]
[BlackElo "2677"]
[PlyCount "20"]
[EventDate "2019.12.26"]
[EventType "swiss (rapid)"]
[EventRounds "15"]
[EventCountry "RUS"]
[SourceTitle "CBM 193 Extra"]
[Source "ChessBase"]
[SourceDate "2020.01.31"]
[SourceVersion "1"]
[SourceVersionDate "2020.01.31"]
[SourceQuality "1"]

1. e4 g6 2. d4 Bg7 3. Nc3 d6 4. g3 Nf6 5. Bg2 O-O 6. Nge2 e5 7. h3 Nc6 8. Be3
exd4 9. Nxd4 Bd7 10. O-O Re8 1/2-1/2

[Event "Wch Rapid"]
[Site "Moscow"]
[Date "2019.12.27"]
[Round "6"]
[White "Kamsky, Gata"]
[Black "Ganguly, Surya Shekhar"]
[Result "1/2-1/2"]
[WhiteElo "2677"]
[BlackElo "2633"]
[PlyCount "70"]
[EventDate "2019.12.26"]
[EventType "swiss (rapid)"]
[EventRounds "15"]
[EventCountry "RUS"]
[SourceTitle "CBM 193 Extra"]
[Source "ChessBase"]
[SourceDate "2020.01.31"]
[SourceVersion "1"]
[SourceVersionDate "2020.01.31"]
[SourceQuality "1"]

1. e4 c5 2. Nc3 d6 3. Bc4 Nc6 4. a3 Nf6 5. d3 g6 6. h3 Bg7 7. Nf3 O-O 8. O-O a6
9. Ba2 b5 10. Bf4 Rb8 11. Qd2 b4 12. axb4 Rxb4 13. Qc1 a5 14. Re1 Be6 15. Nd1
Bxa2 16. Rxa2 e6 17. c3 Rb7 18. Ne3 Nh5 19. Bh2 f5 20. exf5 gxf5 21. Nc4 e5 22.
Qg5 Qxg5 23. Nxg5 Bh6 24. Nxd6 Rd7 25. Ne6 Rxd6 26. Nxf8 Bxf8 27. Kf1 f4 28.
Ke2 c4 29. Rd1 cxd3+ 30. Rxd3 e4 31. Rxd6 Bxd6 32. Kf1 Kf7 33. Ra4 Nf6 34. f3
exf3 35. Bxf4 fxg2+ 1/2-1/2